| 000 | 00488nam a2200169Ia 4500 | ||
|---|---|---|---|
| 003 | GCL | ||
| 008 | 140319s9999 xx 000 0 eng d | ||
| 040 |
_aGCL / _cGCL |
||
| 082 | 0 | 4 |
_a658 _bG I |
| 100 | 1 | _aGREER, DOUGLAS F. | |
| 245 | 1 | 0 |
_aINDUSTRIAL ORGANIZATION AND PUBLIC POLICY / _cGREER, DOUGLAS F. |
| 260 |
_a[S.N] : _bMACMILLAN PUBLISHING COMPANY ، _c1992 |
||
| 650 | 0 | 4 | _aINDUSTRIAL ORGANIZATION |
| 650 | 0 | 4 | _aECONCOMIC THEORY |
| 650 | 0 | 4 | _aINDUSTRY AND STATE |
| 942 |
_2ddc _cBK |
||
| 999 |
_c20907 _d20907 |
||